00745cam a22002295a 450000100070000000500170000700800410002402000150006504000330008008200200011310000200013324500510015326000360020430000340024050400510027465000350032565100100036065300200037094200080039099900170039895201000041530301020180319142022.0720919s1972 enka frb 001 0 eng d a0713155957 aDLCcDLCdDLCdEG-ScBUEbeng04a301.36222bCAR1 aCarter, Harold.14aThe study of urban geography /cHarold Carter. aLondon :bEdward Arnold,c1972. axiv, 346 p. :bill. ;c24 cm. aIncludes bibliographical references and index. 7aUrban geography.2BUEsh924254 2BUEsh bGGENcMarch2018 2ddc c26350d26322 00102ddc4070aMAINbMAINc1STd2018-03-19l0o301.36 CARp000047451r2025-07-15 00:00:00yBB